Statistics for What are the 10th-19th Biggest Cities in the World?

Click here to take the quiz!

General Stats

  • This quiz has been taken 20 times
  • The average score is 5 of 10

Answer Stats

RankPopAnswer% Correct
1120.5Mexico City
72%
1516.8Moscow
67%
1417.1Osaka-Kyoto-Kobe
67%
1915.5Buenos Aires
61%
1815.6Los Angeles
61%
10th21.1Sao Paulo
61%
1616.5Greater Cairo
50%
1715.9Bangkok
33%
1317.4Dhaka
33%
1219.9Guangzhou-Foshan
28%

Score Distribution

Percentile by Number Answered

Percent of People with Each Score

Your Score History

You have not taken this quiz